Mécanique quantique: version anglaise, chapitres 1 à 6

محفوظ في:
التفاصيل البيبلوغرافية
المؤلفون الرئيسيون: Basdevant, Jean-Louis (مؤلف), Dalibard, Jean (مؤلف)
التنسيق: كتاب
اللغة:الفرنسية
منشور في: París Ecole Polytechnique 2003
الطبعة:1a. ed
الموضوعات:
الوسوم: إضافة وسم
لا توجد وسوم, كن أول من يضع وسما على هذه التسجيلة!

MARC

LEADER 00000nam a2200000 a 4500
001 UCK9138
003 CL-VaPUC
008 060421e20030000FR |||||||||||||||||fre|d
082 0 4 |a 530.12  |b BAS  |2 21 
100 0 |a Basdevant, Jean-Louis  |e author  |9 498856 
700 0 |a Dalibard, Jean  |e author  |9 498857 
245 1 0 |a Mécanique quantique: version anglaise, chapitres 1 à 6 
250 |a 1a. ed 
300 |a 134 p 
942 |c BK 
945 |d 20060421 00:00:00  |a cmena 
260 |a París  |b Ecole Polytechnique  |c 2003 
650 0 |a Mecánica cuántica  |9 306806 
650 0 |a Teoría cuántica  |9 266148 
650 0 |a Física cuántica  |9 354949 
583 |a last modification  |c 20060421 00:00:00  |k Rodrigo Vera 
999 |c 316423  |d 316421 
952 |0 0  |1 0  |4 0  |6 530_120000000000000_BAS_2003  |7 0  |8 A  |9 390793  |a BIBING  |b BIBING  |d 2019-11-22  |i 4160533  |o 530.12 BAS 2003  |p 4160533  |r 2025-01-20  |w 2019-11-22  |y BK  |k ING